|
|
|
|
| LEADER |
00000nab a2200000 a 4500 |
| 001 |
vtls000796916 |
| 003 |
SK-MaSNL |
| 005 |
20260303184010.0 |
| 008 |
180206c2002 xo 0 slo |
| 015 |
|
|
|a SNBRB2002/06-18843
|
| 035 |
|
|
|a CLN000148571
|
| 040 |
|
|
|a SNKBUCL
|b slo
|c SNKBUCL
|e AACR2
|
| 041 |
0 |
|
|a slo
|
| 044 |
|
|
|a xo
|c SK
|
| 080 |
|
|
|a 329.14(437.6)SDĽ:324
|2 UDC-MRF-SK2
|
| 080 |
|
|
|a 329.055
|2 UDC-MRF-SK2
|
| 100 |
1 |
|
|a Blaha, Milan,
|d 1945-2020
|4 aut
|9 53151
|
| 245 |
1 |
0 |
|a Ľavica - "ante portas"?
|b ignorovanie sociálnych a politických kontextov je nebezpečné!
|c Milan Blaha
|
| 300 |
|
|
|b Obr.
|
| 610 |
2 |
7 |
|a Strana demokratickej ľavice
|2 snkbucl
|9 165260
|
| 650 |
0 |
7 |
|a ľavica politická
|z Slovensko
|2 snkbucl
|9 839089
|
| 655 |
|
7 |
|a články z novín a časopisov
|2 snkbucl
|9 267496
|
| 773 |
0 |
|
|x 1336-0248
|t Súvislosti
|g Roč. 1, č. 3 (2002), s. 4
|
| 850 |
|
|
|a Slovenská národná knižnica v Martine
|
| 852 |
|
|
|a SNK
|b KIS3GCP
|
| 958 |
|
|
|a RBX
|
| 999 |
|
|
|c 2124255
|d 2126185
|